000 00479nab a2200145Ia 4500
003 ES-SlBCS
005 20210601124319.0
008 140529s1988 xxu||||| |||| 00| 0 eng d
041 _aeng
100 1 _aKim, Ki su
_9139599
245 0 0 _aLiberty, Aythority, and Character Cultivation: John Stuart Mill's Revised Liberal Theories
_c Ki Su Kim
650 0 4 _aLibertad-Autoridad
_9139600
773 0 _tEducational Theory
_gvol. 38, nº. 3, 1988, págs. 369-378
_wRev1399
942 _cAR
999 _c512769
_d512769